Lyrics- Blinding Ligths, The Weeknd - Statistiques

Statistiques générales
  • Ce quiz a été pris 51 fois
  • Le résultat moyen est 169 sur 234
Statistiques - réponses
Lyrics % Correct
I
100%
light
100%
the
100%
The
100%
to
95%
touch
95%
by
92%
can
92%
I'm
92%
you
92%
You
92%
your
92%
feel
90%
a
87%
can't
85%
lights
85%
No
82%
on
79%
said
79%
until
79%
and
77%
in
77%
me
77%
Oh
77%
oh
77%
blinded
74%
ooh
74%
sleep
74%
when
74%
night
72%
one
72%
see
72%
you're
72%
empty
67%
baby
64%
love
64%
around
62%
been
62%
cold
62%
go
62%
I've
62%
judge
62%
Maybe
62%
maybe
62%
my
62%
for
59%
city's
56%
drowning
56%
how
56%
show
56%
Sin
56%
clearly
54%
enough
54%
long
54%
own
54%
this
54%
do
51%
gone
51%
like
51%
one's
51%
sky
51%
much
49%
too
49%
just
46%
say
46%
out
44%
trust
44%
up
44%
with
44%
let
38%
of
38%
sun
38%
turn
38%
Yeah
38%
call
36%
look
36%
running
36%
time
36%
goin
33%
have
33%
never
33%
tryna
33%
Will
33%
know
31%
So
31%
could
28%
it
28%
Cause
26%
even
26%
overdrive
21%
phone
21%
road
21%
hit
15%
trough
15%
withdrawals
15%
You don't
15%
walking
13%
Aucun quiz correspondant
Distribution des résultats
% des personnes avec chaque résultat
Percentile par nombre de réponses
Votre historique - résultats
Vous n’avez pas pris ce quiz